MARC details
| 000 -LEADER |
| campo de control de longitud fija |
03575nam a2200481 i 4500 |
| 001 - NÚMERO DE CONTROL |
| campo de control |
194318 |
| 003 - IDENTIFICADOR DE NÚMERO DE CONTROL |
| campo de control |
SpMaBN |
| 005 - FECHA Y HORA DE LA ÚLTIMA TRANSACCIÓN |
| campo de control |
20251211185538.0 |
| 007 - CAMPO FIJO DE DESCRIPCIÓN FÍSICA--INFORMACIÓN GENERAL |
| campo de control de longitud fija |
ta |
| 008 - DATOS DE LONGITUD FIJA--INFORMACIÓN GENERAL |
| campo de control de longitud fija |
240424s2022 sp a | |||| 000 0dspa |
| 015 ## - NÚMERO DE BIBLIOGRAFÍA NACIONAL |
| Número de bibliografía nacional |
MON22 |
| 017 ## - NÚMERO DE COPYRIGHT O DE DEPÓSITO LEGAL |
| Número de copyright o de depósito legal |
SE 2492-2022 |
| Agencia que asigna |
Oficina Depósito Legal Sevilla |
| 020 ## - NÚMERO INTERNACIONAL ESTÁNDAR DEL LIBRO |
| Número Internacional Estándar del Libro |
9788419617705 |
| 035 ## - NÚMERO DE CONTROL DEL SISTEMA |
| Número de control de sistema |
a7239182 |
| 040 ## - FUENTE DE CATALOGACIÓN |
| Centro catalogador/agencia de origen |
SpMaBN |
| Lengua de catalogación |
spa |
| Centro/agencia transcriptor |
SpMaBN |
| Normas de descripción |
rda |
| Centro/agencia modificador |
ES-MaACL |
| 080 ## - NÚMERO DE LA CLASIFICACIÓN DECIMAL UNIVERSAL |
| Número de la Clasificación Decimal Universal |
929 Pérez Galdós, Benito (044.2) |
| 080 ## - NÚMERO DE LA CLASIFICACIÓN DECIMAL UNIVERSAL |
| Número de la Clasificación Decimal Universal |
929 Pardo Bazán, Emilia (044.2) |
| 100 1# - ENTRADA PRINCIPAL--NOMBRE DE PERSONA |
| Nombre de persona |
Pérez Galdós, Benito, |
| Fechas asociadas al nombre |
1843-1920 |
| Término indicativo de función/relación |
Autor |
| 9 (RLIN) |
90871 |
| 245 10 - MENCIÓN DEL TÍTULO |
| Título |
Cartas inéditas : |
| Resto del título |
Sobre el teatro, junto con otras cartas de Emilia Pardo Bazán / |
| Mención de responsabilidad, etc. |
Benito Pérez Galdós ; edición de Adelina Batlles Garrido ; prólogo de Antonio Chicharro. |
| 264 #1 - PRODUCCIÓN, PUBLICACIÓN, DISTRIBUCIÓN, FABRICACIÓN Y COPYRIGHT |
| Producción, publicación, distribución, fabricación y copyright |
Valencina de la Concepción (Sevilla) : |
| Nombre del de productor, editor, distribuidor, fabricante |
Renacimiento, |
| Fecha de producción, publicación, distribución, fabricación o copyright |
[2022] |
| 264 #4 - PRODUCCIÓN, PUBLICACIÓN, DISTRIBUCIÓN, FABRICACIÓN Y COPYRIGHT |
| Fecha de producción, publicación, distribución, fabricación o copyright |
©2022 |
| 300 ## - DESCRIPCIÓN FÍSICA |
| Extensión |
117 páginas, 37 páginas sin numerar : |
| Otras características físicas |
ilustraciones (blanco y negro) ; |
| Dimensiones |
21 cm |
| 336 ## - TIPO DE CONTENIDO |
| Término de tipo de contenido |
Texto |
| -- |
Imagen fija |
| Fuente |
rdacontent |
| 337 ## - TIPO DE MEDIO |
| Nombre/término del tipo de medio |
sin mediación |
| Fuente |
rdamedia |
| 338 ## - TIPO DE SOPORTE |
| Nombre/término del tipo de soporte |
volumen |
| Fuente |
rdacarrier |
| 490 1# - MENCIÓN DE SERIE |
| Mención de serie |
Biblioteca de la memoria. Serie menor |
| Designación de volumen o secuencia |
118 |
| 500 ## - NOTA GENERAL |
| Nota general |
Incluye apéndice documental |
| 501 ## - NOTA DE CON |
| Nota de "Con" |
Catalogación provisional. N-9959. Depósito J |
| 520 ## - RESUMEN, ETC. |
| Sumario, etc. |
Adelina Batlles Garrido presenta en este libro una correspondencia inédita, un total de cincuenta y una cartas de Benito Pérez Galdós a varios corresponsales. Se incluyen también cinco cartas de Emilia Pardo Bazán a Galdós correspondientes a los inicios de su relación. Con este libro concluye un trabajo de años relacionado con el legado que recibió Adelina de Antonio Moreno Martín, propietario de la librería Garnata (Almería), consistente en una carpeta con numerosos textos autógrafos e inéditos del escritor canario y Emilia Pardo Bazán. Gracias a este estudio y epistolario podemos llegar a la conclusión de que la irrupción de Galdós en la escena española, en 1892, se debe en buena parte a la influencia que ejerció la ilustre escritora gallega sobre el escritor canario, cuya actividad mantendrá hasta el final de su vida. Así puede constatarse en estas emotivas cartas, fechadas entre 1901 y 1917 en las que el teatro es su telón de fondo. En estas cartas Galdós condensa gran parte de su vida, como padre, amante, político y dramaturgo. A pesar de su ceguera, cosa que se advierte en la grafía de estas cartas, Galdós nunca dejó de preocuparse por sus seres queridos y la realidad española. La obra de Galdós sigue dando sorpresas: una enriquecedora colección de cartas inéditas que retratan curiosos aspectos de su vida íntima y familiar. |
| 600 17 - PUNTO DE ACCESO ADICIONAL DE MATERIA--NOMBRE DE PERSONA |
| Nombre de persona |
Pérez Galdós, Benito, |
| Fechas asociadas al nombre |
1843-1920- |
| Subdivisión de forma |
Correspondencia |
| 9 (RLIN) |
139477 |
| 600 17 - PUNTO DE ACCESO ADICIONAL DE MATERIA--NOMBRE DE PERSONA |
| Nombre de persona |
Pardo Bazán, Emilia, |
| Títulos y otros términos asociados al nombre |
Condesa de, |
| Fechas asociadas al nombre |
1851-1921- |
| Subdivisión de forma |
Correspondencia |
| 9 (RLIN) |
161696 |
| 655 #0 - TERMINO DE INDIZACIÓN--GENERO/FORMA |
| 9 (RLIN) |
235124 |
| Datos o término principal de género/forma |
Cartas |
| 700 1# - ENTRADA AGREGADA--NOMBRE PERSONAL |
| Nombre de persona |
Batlles Garrido, Adelina |
| 9 (RLIN) |
235989 |
| Término indicativo de función/relación |
Editor |
| 700 1# - ENTRADA AGREGADA--NOMBRE PERSONAL |
| Nombre de persona |
Pardo Bazán, Emilia, |
| Títulos y otros términos asociados al nombre |
Condesa de, |
| Fechas asociadas al nombre |
1851-1921 |
| Término indicativo de función/relación |
Autor |
| 9 (RLIN) |
176434 |
| 700 ## - ENTRADA AGREGADA--NOMBRE PERSONAL |
| Nombre de persona |
Chicharro Chamorro, Antonio, |
| Fechas asociadas al nombre |
1951- |
| Término indicativo de función/relación |
Autor de introducción |
| 9 (RLIN) |
242513 |
| 830 ## - PUNTO DE ACCESO ADICIONAL DE SERIE-TÍTULO UNIFORME |
| 9 (RLIN) |
222819 |
| Título uniforme |
Biblioteca de la memoria. Serie menor ; |
| Designación de volumen o secuencia |
118 |
| 852 ## - LOCALIZACIÓN |
| Ubicación |
ES-MaACL |
| Sublocalización o colección |
R.155107 |
| Ubicación en estantería |
Depósito J |
| Número de control de estantería |
N-9959 |
| Nota libre |
En proceso |
| -- |
Compra |
| itemnumber |
201920 |
| Encuadernación |
Encuadernación rústica con solapas |
| 942 ## - ELEMENTOS DE ENTRADA SECUNDARIOS (KOHA) |
| Suprimir en OPAC |
No |
| Tipo de ítem Koha |
Libro impreso |